FOOD & BEVERAGE MANAGEMENT (Record no. 8058)

MARC details
000 -LEADER
fixed length control field 00341nam a22001457a 4500
020 ## - INTERNATIONAL STANDARD BOOK NUMBER
International Standard Book Number 978-81-317-013-48
082 ## - DEWEY DECIMAL CLASSIFICATION NUMBER
Classification number 641.2
Item number COU
100 ## - MAIN ENTRY--PERSONAL NAME
Personal name COUSINS, JOHN
245 ## - TITLE STATEMENT
Title FOOD & BEVERAGE MANAGEMENT
260 ## - PUBLICATION, DISTRIBUTION, ETC. (IMPRINT)
Place of publication, distribution, etc NOIDA
Name of publisher, distributor, etc PEARSON PUBLISHER
Year of Publication 2006
300 ## - PAGE DESCRIPTION
No. of Pages 329
650 ## - SUBJECT ADDED ENTRY--TOPICAL TERM
Topical term or geographic name as entry element FOOD & BEVERAGE
653 ## - KEYWORDS--INDEX TERM
Keyword term FOOD, BEVERAGE
942 ## - ADDED ENTRY ELEMENTS (KOHA)
Source of classification or shelving scheme Dewey Decimal Classification
Koha item type Books
Holdings
Withdrawn status Lost status Source of classification or shelving scheme Damaged status Not for loan Collection code Home library Current library Shelving location Date acquired Vendor Name Cost, normal purchase price SGTU Bill Number Total Checkouts Full call number Accession No. (Barcode) Date last seen Bill Date Koha item type Date last borrowed
    Dewey Decimal Classification     HOTEL MANAGEMENT SGT Science & Social Sciences Library SGT Science & Social Sciences Library Text Book 10/10/2015 JINDAL BOOK SERVICE 575.00 SGTU 1775   641.2 COU HM471 10/10/2015 07/09/2015 Books  
    Dewey Decimal Classification     HOTEL MANAGEMENT SGT Science & Social Sciences Library SGT Science & Social Sciences Library Text Book 10/10/2015 JINDAL BOOK SERVICE 575.00 SGTU 1775   641.2 COU HM472 10/10/2015 07/09/2015 Books  
    Dewey Decimal Classification     HOTEL MANAGEMENT SGT Science & Social Sciences Library SGT Science & Social Sciences Library Text Book 10/10/2015 JINDAL BOOK SERVICE 575.00 SGTU 1775   641.2 COU HM473 10/10/2015 07/09/2015 Books  
    Dewey Decimal Classification     HOTEL MANAGEMENT SGT Science & Social Sciences Library SGT Science & Social Sciences Library Text Book 10/10/2015 JINDAL BOOK SERVICE 575.00 SGTU 1775 1 641.2 COU HM474 01/10/2019 07/09/2015 Books 11/09/2019
    Dewey Decimal Classification     HOTEL MANAGEMENT SGT Science & Social Sciences Library SGT Science & Social Sciences Library Text Book 10/10/2015 JINDAL BOOK SERVICE 575.00 SGTU 1775 1 641.2 COU HM475 26/11/2019 07/09/2015 Books 21/11/2019